000 00594nam a2200241Ia 4500
003 OSt
005 20220924150105.0
006 a|||||r|||| 00| 0
007 ta
008 220923b |||||||| |||| 00| 0 tel d
020 _c10
024 _a331748
037 _cTextual
040 _aARTS
_cARTS
_btel
041 _2tel
_atel
082 _aO35,1x, N7
100 _aRao Bathula V.V. Appa
_9221249
245 0 _aMerupula jhalupulu
260 _c1997
650 _aTELUGU POETRY
942 _hO35,1x, N7
_cTEXL
_2CC
999 _c462173
_d462173